Effektivnost' ispol'zovanija material'nych resursov v piševoj promyšlennosti

Na minha lista:
Detalhes bibliográficos
Autor principal: Voskobojnik, Michail Pinchasovič
Outros Autores: Lifančikov, Anatolij Nikitovič
Formato: Livro
Idioma:russo
Publicado em: Moskva Agropromizdat 1987
Edição:1. izd.
Tags: Adicionar Tag
Sem tags, seja o primeiro a adicionar uma tag!

MARC

LEADER 00000nam a2200000 4500
001 c024634
005 20221219131251.2
041 0 |a rus 
044 |a RU 
245 1 0 |a Effektivnost' ispol'zovanija material'nych resursov v piševoj promyšlennosti  |c Michail Pinchasovič Voskobojnik, Anatolij Nikitovič Lifančikov 
250 |a 1. izd. 
264 1 |a Moskva  |b Agropromizdat  |c 1987 
300 |a 157 s. 
100 1 |a Voskobojnik, Michail Pinchasovič 
700 1 |a Lifančikov, Anatolij Nikitovič